| 000 | 00463nam a22001337a 4500 | ||
|---|---|---|---|
| 008 | 251120b |||||||| |||| 00| 0 eng d | ||
| 050 |
_aRC 660 _b.W49 1992 |
||
| 245 |
_a Handbook of diabetes _cGareth Williams, John C. Pickup |
||
| 260 |
_aUSA: _bBlackwell Scientific Publications , _c1992. |
||
| 300 |
_aix, 118p. : _b ill.; _c24cm. |
||
| 500 | _aincludes index | ||
| 650 | _a Diabetes Mellitus diagnosis | ||
| 942 |
_2lcc _cBOOKS _hRC 660 .D53 1992 |
||
| 999 |
_c32333 _d32333 |
||